[Event "Biel HTO 56th"]
[Site "Biel"]
[Date "2023.07.26"]
[Round "9"]
[White "Costello, Alexander"]
[Black "Prieb, Robert"]
[Result "1/2-1/2"]
[WhiteElo "2224"]
[BlackElo "2060"]
[PlyCount "176"]
[EventDate "2023.07.17"]
[EventType "swiss"]
[EventRounds "10"]
[EventCountry "SUI"]
[SourceTitle "CBM 215 Extra"]
[Source "ChessBase"]
[SourceDate "2023.09.30"]
[SourceVersion "1"]
[SourceVersionDate "2023.09.30"]
[SourceQuality "1"]

1. Nf3 Nf6 2. c4 e6 3. Nc3 d5 4. e3 c5 5. d4 Nc6 6. a3 dxc4 7. Bxc4 cxd4 8. exd4 Be7 9. 0-0 0-0 10. Qd3 b6 11. Bg5 Bb7 12. Rad1 Nd5 13. Ne4 Nf6 14. Bxf6 Bxf6 15. d5 exd5 16. Bxd5 Na5 17. Bxb7 Qxd3 18. Rxd3 Nxb7 19. Nxf6+ gxf6 20. Rfd1 Rfd8 21. Kf1 Kf8 22. b4 Rxd3 23. Rxd3 Rd8 24. Nd4 Rd5 25. Ke2 Nd8 26. f4 Ke8 27. Nf3 Rxd3 28. Kxd3 Kd7 29. Ke4 Nb7 30. Kd5 Nd6 31. Nd4 a6 32. a4 Ne8 33. Nf5 Nc7+ 34. Ke4 a5 35. bxa5 bxa5 36. Nd4 Na8 37. Kf5 Ke7 38. Nc6+ Kf8 39. Kxf6 Nb6 40. Nxa5 Nxa4 41. Nc4 Nc3 42. Ke5 Ke7 43. Nb6 f6+ 44. Kd4 Ne2+ 45. Ke4 Nc3+ 46. Kd3 Nb5 47. Kc4 Nd6+ 48. Kd5 Nb5 49. Nc4 Nc3+ 50. Kd4 Ne2+ 51. Ke4 Ke6 52. Kf3 Nd4+ 53. Kg4 Ne2 54. g3 Nd4 55. Ne3 Kf7 56. Kh5 Nf3 57. h4 Nd4 58. Kh6 Ne2 59. Nf1 Kg8 60. f5 Kh8 61. g4 Nd4 62. Nd2 Kg8 63. Ne4 Kh8 64. Nc5 Nf3 65. Kh5 Kg7 66. g5 fxg5 67. hxg5 Kf7 68. Ne6 Ne5 69. Kh6 Kg8 70. Nd8 Ng4+ 71. Kh5 Ne3 72. f6 Kh8 73. Kh4 Kg8 74. Kg3 Nd5 75. Kg4 Ne3+ 76. Kf4 Ng2+ 77. Ke5 Kf8 78. Ke6 Nf4+ 79. Kf5 Ng2 80. Nc6 Ne3+ 81. Ke6 Ng2 82. Ne5 Nf4+ 83. Kf5 Nd5 84. Kg4 h6 85. Ng6+ Kf7 86. Nh8+ Kf8 87. Ng6+ Kf7 88. Ne7 Nxf6+ 1/2-1/2

[Event "Biel HTO 56th"]
[Site "Biel"]
[Date "2023.07.25"]
[Round "8"]
[White "Prieb, Robert"]
[Black "Asllani, Dorian"]
[Result "1/2-1/2"]
[WhiteElo "2060"]
[BlackElo "2272"]
[PlyCount "103"]
[EventDate "2023.07.17"]
[EventType "swiss"]
[EventRounds "10"]
[EventCountry "SUI"]
[SourceTitle "CBM 215 Extra"]
[Source "ChessBase"]
[SourceDate "2023.09.30"]
[SourceVersion "1"]
[SourceVersionDate "2023.09.30"]
[SourceQuality "1"]

1. d4 d5 2. c4 e6 3. Nf3 Nf6 4. Bg5 Nbd7 5. e3 c6 6. Nc3 Qa5 7. Nd2 dxc4 8. Bxf6 Nxf6 9. Nxc4 Qc7 10. Rc1 Be7 11. g3 0-0 12. Bg2 Rd8 13. 0-0 Nd5 14. Qb3 Bd7 15. Rfd1 Be8 16. e4 Nxc3 17. Rxc3 b5 18. Ne3 Qb6 19. d5 Bf6 20. Rcd3 c5 21. dxe6 fxe6 22. Rxd8 Rxd8 23. Rxd8 Bxd8 24. e5 Bc7 25. f4 c4 26. Qc3 b4 27. Qd2 Qc5 28. Kf2 Bb6 29. Be4 c3 30. bxc3 bxc3 31. Qd3 c2 32. Bxh7+ Kh8 33. Qxc2 Qxe3+ 34. Kg2 Qf2+ 35. Qxf2 Bxf2 36. Kxf2 Kxh7 37. g4 Kg6 38. Kg3 Ba4 39. h4 Bd1 40. Kh3 Be2 41. Kg3 a5 42. a3 a4 43. Kh3 Kf7 44. h5 Ke7 45. Kh4 Kd7 46. Kg5 Kc6 47. f5 exf5 48. gxf5 Kd5 49. f6 gxf6+ 50. exf6 Ke6 51. h6 Bd3 52. Kf4 1/2-1/2

[Event "Biel HTO 56th"]
[Site "Biel"]
[Date "2023.07.23"]
[Round "6"]
[White "Wang, Chuqiao"]
[Black "Prieb, Robert"]
[Result "1-0"]
[WhiteElo "2161"]
[BlackElo "2060"]
[PlyCount "139"]
[EventDate "2023.07.17"]
[EventType "swiss"]
[EventRounds "10"]
[EventCountry "SUI"]
[SourceTitle "CBM 215 Extra"]
[Source "ChessBase"]
[SourceDate "2023.09.30"]
[SourceVersion "1"]
[SourceVersionDate "2023.09.30"]
[SourceQuality "1"]

1. d4 Nf6 2. c4 g6 3. Nc3 d5 4. cxd5 Nxd5 5. Bd2 Bg7 6. e4 Nb6 7. Be3 0-0 8. h3 e5 9. d5 c6 10. Qb3 cxd5 11. Bxb6 Qxb6 12. Qxb6 axb6 13. Nxd5 Be6 14. Bc4 Nc6 15. a3 b5 16. Ba2 Bxd5 17. Bxd5 Nb4 18. 0-0-0 Nxd5 19. Rxd5 Rfc8+ 20. Kb1 b4 21. axb4 Rc4 22. f3 Rxb4 23. Ne2 Rba4 24. Rhd1 Ra1+ 25. Kc2 Rxd1 26. Rxd1 f5 27. Nc3 Rf8 28. Kb3 Bh6 29. Rd5 Bf4 30. Kc4 Rf7 31. Kd3 Kg7 32. Ne2 Kf6 33. g3 Bh6 34. Rd6+ Ke7 35. Rb6 Kd8 36. exf5 Rxf5 37. Ke4 Kc7 38. Re6 Kd7 39. Rb6 Kc7 40. Rb3 Bg7 41. Nc3 Rf7 42. Nd5+ Kd6 43. Rb5 Kc6 44. Rb3 Rd7 45. Rc3+ Kd6 46. Nb6 Rf7 47. Rc8 Ke6 48. b3 Re7 49. b4 h6 50. Rc5 g5 51. Rc8 Kf7 52. Rd8 Ke6 53. Na4 Kf7 54. Nc5 Bf8 55. Kf5 Bg7 56. Rb8 e4 57. fxe4 Be5 58. Rxb7 Rxb7 59. Nxb7 Bxg3 60. e5 h5 61. Nd6+ Ke7 62. Ne4 Be1 63. Nxg5 Bxb4 64. Nh7 Ba5 65. Nf6 h4 66. Nd5+ Kf7 67. e6+ Ke8 68. Kf6 Bd8+ 69. e7 Bb6 70. Ke6 1-0

[Event "Biel HTO 56th"]
[Site "Biel"]
[Date "2023.07.17"]
[Round "1"]
[White "Aarav, Dengla"]
[Black "Prieb, Robert"]
[Result "1-0"]
[WhiteElo "2343"]
[BlackElo "2060"]
[PlyCount "54"]
[EventDate "2023.07.17"]
[EventType "swiss"]
[EventRounds "10"]
[EventCountry "SUI"]
[SourceTitle "CBM 215 Extra"]
[Source "ChessBase"]
[SourceDate "2023.09.30"]
[SourceVersion "1"]
[SourceVersionDate "2023.09.30"]
[SourceQuality "1"]

1. e4 c5 2. Nf3 d6 3. d4 cxd4 4. Nxd4 Nf6 5. Nc3 a6 6. Bd3 e5 7. Nde2 Be7 8. 0-0 0-0 9. Ng3 Bg4 10. Qd2 Nbd7 11. h3 Be6 12. Nd5 Nc5 13. c4 Bxd5 14. exd5 Nxd3 15. Qxd3 Nd7 16. Nf5 Re8 17. Qa3 g6 18. Bh6 b5 19. Rac1 bxc4 20. Rxc4 Nb6 21. Rc6 Nxd5 22. Rd1 Qd7 23. Nxe7+ Nxe7 24. Rcxd6 Qb5 25. g4 Rab8 26. Rd7 Rb7 27. Rd8 f6 1-0

[Event "GER-ch U16"]
[Site "Willingen"]
[Date "2023.05.30"]
[Round "4"]
[White "Metzdorf, Matteo"]
[Black "Prieb, Robert"]
[Result "1/2-1/2"]
[WhiteElo "2099"]
[BlackElo "2113"]
[PlyCount "87"]
[EventDate "2023.05.27"]
[EventType "swiss"]
[EventRounds "9"]
[EventCountry "GER"]
[SourceTitle "CBM 214 Extra"]
[Source "ChessBase"]
[SourceDate "2023.07.31"]
[SourceVersion "1"]
[SourceVersionDate "2023.07.31"]
[SourceQuality "1"]

1. e4 e6 2. d4 d5 3. Nc3 Nf6 4. e5 Nfd7 5. f4 c5 6. Nf3 Nc6 7. Be3 Qb6 8. Na4 Qa5+ 9. c3 b6 10. Bd2 c4 11. b4 Nxb4 12. cxb4 Bxb4 13. Rc1 Bxd2+ 14. Nxd2 b5 15. Nc3 0-0 16. a3 a6 17. Ndb1 Nb8 18. Be2 Nc6 19. Bf3 Qb6 20. Ne2 f6 21. exf6 Rxf6 22. 0-0 a5 23. Nbc3 Ne7 24. Rb1 b4 25. Na4 Qd6 26. axb4 axb4 27. Nc5 Nc6 28. Ra1 Rxa1 29. Qxa1 Rf7 30. Qd1 Ra7 31. Qd2 Ra5 32. Rb1 b3 33. Qc3 Rb5 34. Nxb3 cxb3 35. Rxb3 Rxb3 36. Qxb3 Ba6 37. Qb6 Qb4 38. Qxb4 Nxb4 39. Nc3 Nc2 40. Be2 Bc8 41. Bg4 Nxd4 42. Nxd5 exd5 43. Bxc8 Ne2+ 44. Kf1 1/2-1/2

[Event "Werther Schloss op 26th"]
[Site "Werther"]
[Date "2023.04.02"]
[Round "7"]
[White "Prieb, Robert"]
[Black "Nemitz, Alfred"]
[Result "0-1"]
[WhiteElo "2113"]
[BlackElo "2143"]
[PlyCount "65"]
[EventDate "2023.03.30"]
[EventType "swiss"]
[EventRounds "7"]
[EventCountry "GER"]
[SourceTitle "CBM 213 Extra"]
[Source "ChessBase"]
[SourceDate "2023.05.31"]
[SourceVersion "1"]
[SourceVersionDate "2023.05.31"]
[SourceQuality "1"]

1. Nf3 Nf6 2. e3 e6 3. c4 b6 4. b3 Bb7 5. Bb2 Be7 6. Nc3 0-0 7. Be2 c5 8. Qc2 Nc6 9. h4 d5 10. a3 d4 11. Ne4 Ne5 12. Nxf6+ Bxf6 13. Nxe5 Bxe5 14. Bf3 Bxf3 15. gxf3 d3 16. Qc1 Qf6 17. Bxe5 Qxe5 18. Qc3 f6 19. 0-0-0 b5 20. cxb5 Rab8 21. a4 a6 22. Qxd3 axb5 23. axb5 Qa1+ 24. Qb1 Qa5 25. Kc2 Qxb5 26. d3 Qc6 27. e4 f5 28. Rh2 fxe4 29. fxe4 c4 30. b4 cxd3+ 31. Kd2 Qxe4 32. Rdh1 Rxb4 33. Qd1 0-1

[Event "Werther Schloss op 26th"]
[Site "Werther"]
[Date "2023.03.31"]
[Round "2"]
[White "Prieb, Robert"]
[Black "Hilverda, Alexander"]
[Result "1-0"]
[WhiteElo "2113"]
[BlackElo "2292"]
[PlyCount "99"]
[EventDate "2023.03.30"]
[EventType "swiss"]
[EventRounds "7"]
[EventCountry "GER"]
[SourceTitle "CBM 213 Extra"]
[Source "ChessBase"]
[SourceDate "2023.05.31"]
[SourceVersion "1"]
[SourceVersionDate "2023.05.31"]
[SourceQuality "1"]

1. d4 d5 2. Nf3 Nf6 3. c4 e6 4. Nc3 Bb4 5. Qa4+ Nc6 6. e3 0-0 7. Bd2 Bxc3 8. Bxc3 Ne4 9. Bd3 Nxc3 10. bxc3 e5 11. cxd5 Qxd5 12. Qc2 f5 13. e4 Qd6 14. 0-0 exd4 15. cxd4 Nb4 16. Qb3+ Kh8 17. e5 Qe7 18. Bc4 c6 19. a3 Nd5 20. Bxd5 cxd5 21. Qxd5 Rd8 22. Qb5 Be6 23. Qb4 Qxb4 24. axb4 Bd5 25. Rfd1 a6 26. Rac1 Rac8 27. Nd2 Kg8 28. f4 Kf7 29. Kf2 Ke6 30. g3 h6 31. Ke3 g5 32. Kd3 Rg8 33. Rxc8 Rxc8 34. Rf1 Rc6 35. g4 gxf4 36. Rxf4 fxg4 37. Rxg4 Kf5 38. Rg7 Rb6 39. Nc4 Bxc4+ 40. Kxc4 Ke4 41. Rd7 Rc6+ 42. Kb3 b5 43. d5 Rc4 44. e6 Kd3 45. Rg7 Rc3+ 46. Kb2 Rc2+ 47. Kb1 Re2 48. e7 Re4 49. Rg3+ Kd2 50. d6 1-0

[Event "Itzehoe op"]
[Site "Itzehoe"]
[Date "2022.10.02"]
[Round "3"]
[White "Brinkmann, Georg"]
[Black "Prieb, Robert"]
[Result "1-0"]
[WhiteElo "1927"]
[BlackElo "2131"]
[PlyCount "85"]
[EventDate "2022.10.01"]
[EventType "swiss"]
[EventRounds "5"]
[EventCountry "GER"]
[SourceTitle "CBM 210 Extra"]
[Source "ChessBase"]
[SourceDate "2022.11.30"]
[SourceVersion "1"]
[SourceVersionDate "2022.11.30"]
[SourceQuality "1"]

1. d4 Nf6 2. Bg5 c5 3. Bxf6 gxf6 4. c3 Qb6 5. Qc2 cxd4 6. cxd4 Nc6 7. e3 d5 8. Nc3 Bf5 9. Qd2 e6 10. Rc1 h5 11. Nf3 h4 12. a3 h3 13. g3 Bd6 14. Nh4 Bg4 15. f3 Rxh4 16. gxh4 Bxf3 17. Rg1 Ke7 18. Qf2 Bh5 19. Bxh3 Na5 20. Bg4 Bg6 21. Rf1 Ke8 22. h5 Bd3 23. h6 Bxf1 24. Kxf1 Ke7 25. Rc2 Rh8 26. Qh4 Nc4 27. Re2 Qa5 28. Kg1 Qd8 29. Rf2 Qg8 30. Rxf6 Ke8 31. Qh5 Ke7 32. Qh4 Kf8 33. Rf3 Be7 34. Qh5 f6 35. Kf2 Nxb2 36. Qh3 Qg6 37. Bxe6 Rxh6 38. Qg3 Qc2+ 39. Kf1 Qd3+ 40. Kf2 Qd2+ 41. Kf1 Qc1+ 42. Kg2 Qc2+ 43. Rf2 1-0

[Event "Prague Pelikan Memorial 24th"]
[Site "Prague"]
[Date "2022.08.02"]
[Round "4"]
[White "Hogeman, Joel"]
[Black "Prieb, Robert"]
[Result "0-1"]
[WhiteElo "2160"]
[BlackElo "2111"]
[PlyCount "45"]
[EventDate "2022.07.30"]
[EventType "tourn"]
[EventRounds "9"]
[EventCountry "CZE"]
[SourceTitle "CBM 209 Extra"]
[Source "ChessBase"]
[SourceDate "2022.09.30"]
[SourceVersion "1"]
[SourceVersionDate "2022.09.30"]
[SourceQuality "1"]

1. e4 c5 2. g3 Nc6 3. Bg2 g6 4. d3 Bg7 5. f4 d6 6. Nf3 Nf6 7. Nc3 Nd4 8. Be3 Ng4 9. Bg1 Qb6 10. Rb1 Qa5 11. Qd2 0-0 12. h3 Nxf3+ 13. Bxf3 Bxc3 14. bxc3 Qxa2 15. hxg4 Qxb1+ 16. Ke2 f6 17. g5 fxg5 18. f5 Qa2 19. fxg6 hxg6 20. c4 Qb2 21. Be3 Qf6 22. Bg2 Bg4+ 23. Ke1 0-1

[Event "Bydgoszcz op-A"]
[Site "Bydgoszcz"]
[Date "2022.06.30"]
[Round "6"]
[White "Prieb, Robert"]
[Black "Kujawski, Adam"]
[Result "1-0"]
[WhiteElo "2085"]
[BlackElo "2246"]
[PlyCount "107"]
[EventDate "2022.06.25"]
[EventType "swiss"]
[EventRounds "10"]
[EventCountry "POL"]
[SourceTitle "CBM 209 Extra"]
[Source "ChessBase"]
[SourceDate "2022.09.30"]
[SourceVersion "1"]
[SourceVersionDate "2022.09.30"]
[SourceQuality "1"]

1. d4 Nf6 2. c4 e6 3. Nf3 c5 4. d5 exd5 5. cxd5 d6 6. Nc3 g6 7. e4 Bg7 8. h3 0-0 9. Bd3 b5 10. Nxb5 Re8 11. 0-0 Nxe4 12. Re1 a6 13. Nc3 Nxc3 14. Rxe8+ Qxe8 15. bxc3 Bxc3 16. Rb1 a5 17. Rb6 Na6 18. Bxa6 Rxa6 19. Rb8 Bg7 20. Bf4 Bf8 21. Qe1 Qd8 22. Nd2 Ra7 23. Ne4 Rb7 24. Ra8 h6 25. Bd2 f5 26. Bxa5 Qe7 27. Nxc5 Qxe1+ 28. Bxe1 Rb1 29. Kf1 dxc5 30. Rxc8 Rd1 31. d6 Rd5 32. a4 Rxd6 33. Rxc5 Rd4 34. Ra5 Rd1 35. Ra8 Kf7 36. Ke2 Ra1 37. a5 Bc5 38. Rc8 Ra2+ 39. Kd3 Bxf2 40. Bxf2 Rxf2 41. Rc2 Rf1 42. Ra2 Rd1+ 43. Kc4 Rc1+ 44. Kb3 Rc8 45. a6 Kf6 46. a7 Ra8 47. Kc4 Kg5 48. Kc5 f4 49. Ra3 f3 50. gxf3 Kf4 51. Kb6 g5 52. Kb7 Rxa7+ 53. Kxa7 Kg3 54. Ra6 1-0

[Event "GER-ch U14"]
[Site "Willingen"]
[Date "2021.08.23"]
[Round "1"]
[White "Ensslinger, Colin"]
[Black "Prieb, Robert"]
[Result "1/2-1/2"]
[WhiteElo "1729"]
[BlackElo "1950"]
[PlyCount "47"]
[EventDate "2021.08.22"]
[EventType "swiss"]
[EventRounds "9"]
[EventCountry "GER"]
[SourceTitle "EXT 2022"]
[Source "ChessBase"]
[SourceDate "2021.10.06"]
[SourceVersion "1"]
[SourceVersionDate "2021.10.06"]
[SourceQuality "1"]

1. e4 c5 2. Nf3 d6 3. d4 cxd4 4. Nxd4 Nf6 5. Nc3 a6 6. g3 e5 7. Nde2 h6 8. Bg2 Be6 9. 0-0 Qc8 10. Be3 Ng4 11. Nd5 Nd7 12. Nec3 Nxe3 13. Nxe3 Nf6 14. Ncd5 Nxd5 15. Nxd5 Bxd5 16. Qxd5 Be7 17. c3 0-0 18. a4 Qc6 19. Rfd1 Rac8 20. Bh3 Rc7 21. a5 Rb8 22. Ra3 Bf8 23. Rb3 Qa4 24. Rb4 1/2-1/2

[Event "Bassano del Grappa op"]
[Site "Bassano del Grappa"]
[Date "2021.02.14"]
[Round "4"]
[White "Prieb, Robert"]
[Black "Chennaoui, Yasin"]
[Result "0-1"]
[WhiteElo "2049"]
[BlackElo "2121"]
[PlyCount "100"]
[EventDate "2021.02.12"]
[EventType "swiss"]
[EventRounds "9"]
[EventCountry "ITA"]
[SourceTitle "EXT 2023"]
[Source "ChessBase"]
[SourceDate "2022.10.05"]
[SourceVersion "1"]
[SourceVersionDate "2022.10.05"]
[SourceQuality "1"]

1. d4 Nf6 2. c4 e6 3. Nc3 d5 4. Nf3 Be7 5. Bf4 0-0 6. e3 b6 7. cxd5 Nxd5 8. Nxd5 Qxd5 9. a3 Ba6 10. Bxa6 Nxa6 11. 0-0 Bd6 12. Bxd6 cxd6 13. Rc1 Rfc8 14. Qd3 Qb7 15. Nd2 Rxc1 16. Rxc1 Rc8 17. Rxc8+ Qxc8 18. Qc4 Qxc4 19. Nxc4 d5 20. Nd6 Nb8 21. Nc8 Nc6 22. b4 Kf8 23. Kf1 Ke8 24. Nd6+ Ke7 25. Nb5 a6 26. Nc3 f6 27. Ke2 Kd6 28. Na4 a5 29. b5 Na7 30. Nc3 e5 31. Kd3 e4+ 32. Kc2 Ke6 33. f3 f5 34. a4 g5 35. Kd1 Nc8 36. Nb1 Nd6 37. Nd2 f4 38. fxe4 dxe4 39. Ke2 Kd5 40. g3 f3+ 41. Kf2 g4 42. Ke1 Nf5 43. Kf2 h5 44. Nb1 Kc4 45. Nd2+ Kd3 46. Nb3 Nxe3 47. Nxa5 Nd1+ 48. Kf1 bxa5 49. b6 e3 50. b7 f2 0-1

[Event "Bassano del Grappa op"]
[Site "Bassano del Grappa"]
[Date "2021.02.13"]
[Round "2"]
[White "Prieb, Robert"]
[Black "Droin, Augustin"]
[Result "1/2-1/2"]
[WhiteElo "2049"]
[BlackElo "2289"]
[PlyCount "94"]
[EventDate "2021.02.12"]
[EventType "swiss"]
[EventRounds "9"]
[EventCountry "ITA"]
[SourceTitle "CBM 200 Extra"]
[Source "ChessBase"]
[SourceDate "2021.03.31"]
[SourceVersion "1"]
[SourceVersionDate "2021.03.31"]
[SourceQuality "1"]

1. d4 Nf6 2. c4 e6 3. Nc3 Bb4 4. Qc2 0-0 5. a3 Bxc3+ 6. Qxc3 Qe8 7. Bf4 d6 8. Nf3 b6 9. e3 Bb7 10. Be2 Nbd7 11. 0-0 e5 12. dxe5 Ne4 13. Qc2 dxe5 14. Bg3 Nxg3 15. hxg3 c5 16. Rfd1 Nf6 17. Qc3 e4 18. Ng5 Qe7 19. Nh3 Rad8 20. Qc2 Rxd1+ 21. Rxd1 Rd8 22. b3 Rxd1+ 23. Qxd1 Qd7 24. Qxd7 Nxd7 25. f4 exf3 26. gxf3 Kf8 27. Kf2 Ke7 28. e4 Ne5 29. Nf4 g5 30. Nd5+ Bxd5 31. exd5 f5 32. Ke3 Kf6 33. Bd1 Nf7 34. f4 h6 35. Bc2 Nd6 36. Bd3 a6 37. a4 Ne8 38. Bf1 Ng7 39. Be2 g4 40. Bf1 h5 41. Bd3 Ne8 42. Bf1 Nd6 43. Bd3 Nf7 44. Kf2 Nd8 45. d6 Ke6 46. d7 a5 47. Ke3 Nc6 1/2-1/2

[Event "Krakow op-B 31st"]
[Site "Krakow"]
[Date "2021.01.02"]
[Round "6"]
[White "Musial, Tomasz"]
[Black "Prieb, Robert"]
[Result "1-0"]
[WhiteElo "2026"]
[BlackElo "2032"]
[PlyCount "67"]
[EventDate "2020.12.27"]
[EventType "swiss"]
[EventRounds "9"]
[EventCountry "POL"]
[SourceTitle "CBM 200 Extra"]
[Source "ChessBase"]
[SourceDate "2021.03.31"]
[SourceVersion "1"]
[SourceVersionDate "2021.03.31"]
[SourceQuality "1"]

1. d4 Nf6 2. c4 g6 3. Nf3 Bg7 4. g3 c6 5. Bg2 d5 6. Qb3 a5 7. 0-0 0-0 8. Rd1 a4 9. Qb4 dxc4 10. Qxc4 b5 11. Qc3 Nd5 12. Qe1 Na6 13. Nc3 Nab4 14. Qd2 Qc7 15. e4 Nxc3 16. Qxc3 Na6 17. Bf4 Qb6 18. Rac1 Bb7 19. Qe3 Rac8 20. Bh6 Rfd8 21. Bxg7 Kxg7 22. h4 h5 23. Bh3 Rc7 24. Ng5 c5 25. d5 Bc8 26. Qc3+ Kg8 27. Nxf7 Rf8 28. Bxc8 Rcxc8 29. Ng5 b4 30. Qc4 Kh8 31. e5 Nc7 32. d6 exd6 33. Rxd6 Qb5 34. Qe4 1-0

[Event "Krakow op-B 31st"]
[Site "Krakow"]
[Date "2021.01.02"]
[Round "7"]
[White "Prieb, Robert"]
[Black "Sowinski, Pawel"]
[Result "1-0"]
[WhiteElo "2032"]
[BlackElo "1767"]
[PlyCount "77"]
[EventDate "2020.12.27"]
[EventType "swiss"]
[EventRounds "9"]
[EventCountry "POL"]
[SourceTitle "CBM 200 Extra"]
[Source "ChessBase"]
[SourceDate "2021.03.31"]
[SourceVersion "1"]
[SourceVersionDate "2021.03.31"]
[SourceQuality "1"]

1. d4 Nf6 2. c4 c5 3. d5 e6 4. Nc3 exd5 5. cxd5 d6 6. e4 g6 7. Bd3 Bg7 8. h3 0-0 9. Nf3 a6 10. a4 Nbd7 11. 0-0 Qe7 12. Bg5 h6 13. Be3 Nh5 14. Qd2 g5 15. h4 g4 16. Nh2 Ne5 17. Be2 Kh7 18. g3 Qf6 19. Kg2 Qg6 20. Qe1 Bf6 21. Rd1 Rg8 22. Rg1 Bd7 23. a5 Rg7 24. Nf1 Nf3 25. Bxf3 gxf3+ 26. Kh1 Bxh4 27. Nh2 Bg5 28. Nxf3 Bg4 29. Nxg5+ hxg5 30. Kg2 Bxd1 31. Qxd1 Nf6 32. f3 g4 33. Rh1+ Kg8 34. Rh6 gxf3+ 35. Qxf3 Qg4 36. Rxf6 Qxf3+ 37. Kxf3 Rg6 38. Rxg6+ fxg6 39. Bf4 1-0

[Event "Krakow op-B 31st"]
[Site "Krakow"]
[Date "2020.12.28"]
[Round "2"]
[White "Kindler, Karolina"]
[Black "Prieb, Robert"]
[Result "0-1"]
[WhiteElo "1881"]
[BlackElo "2032"]
[PlyCount "66"]
[EventDate "2020.12.27"]
[EventType "swiss"]
[EventRounds "9"]
[EventCountry "POL"]
[SourceTitle "CBM 200 Extra"]
[Source "ChessBase"]
[SourceDate "2021.03.31"]
[SourceVersion "1"]
[SourceVersionDate "2021.03.31"]
[SourceQuality "1"]

1. d4 Nf6 2. Nf3 g6 3. c4 Bg7 4. Nc3 d5 5. Qb3 dxc4 6. Qxc4 0-0 7. e4 c6 8. Be2 b6 9. Qd3 Nfd7 10. Be3 e5 11. 0-0 exd4 12. Bxd4 Ba6 13. Qd2 Ne5 14. Nxe5 Bxe5 15. Rfd1 Bxe2 16. Nxe2 Nd7 17. Qc3 Qc7 18. Bxe5 Nxe5 19. f4 Nd7 20. b4 Rfd8 21. Rd3 Nf8 22. Rad1 Rxd3 23. Rxd3 Rd8 24. Rxd8 Qxd8 25. Qxc6 Qd2 26. Kf2 Qxb4 27. g3 Qa3 28. Nc3 Ne6 29. Ke3 Qc1+ 30. Kd3 Nc5+ 31. Kd4 Qd2+ 32. Kc4 Qd3+ 33. Kb4 a5+ 0-1